Oznamovacie a zabezpečovacie zariadenia I

Bibliographic Details
Main Author: Krbiľová, Izabela, 1939- (Author)
Format: Book
Language:Slovak
PhysicalDescription:143 strán schémy 30 cm
Published: Bratislava Alfa 1982
Edition:1. vyd.
Series:Vysokoškolské učebné texty
Subjects:

MARC

LEADER 00000cam a2200000 a 4500
001 vtls001099377
003 SK-MaSNL
005 20260301183056.0
008 240515s1982 xo l frnp 00000 slo
015 |a SNBA1982/05 
020 |q (brožované) 
035 |a SNK000042219 
040 |a SNK  |b slo  |c SNK  |e AACR2 
041 0 |a slo 
044 |a xo  |c SK 
080 |a 656.25:621.39(075.8)  |2 1981 
080 |a 621.39(075.8)  |2 1981 
080 |a 621.39  |2 1981 
080 |a 656.25(075.8)  |2 1981 
100 1 |a Krbiľová, Izabela,  |d 1939-  |4 aut  |9 557842 
245 1 0 |a Oznamovacie a zabezpečovacie zariadenia I  |c Izabela Krbiľová 
250 |a 1. vyd. 
260 |a Bratislava  |b Alfa  |c 1982 
300 |a 143 strán  |b schémy  |c 30 cm 
366 |e 350 kusov 
490 1 |a Vysokoškolské učebné texty 
504 |a Obsahuje bibliografiu 
650 0 7 |a železničná doprava  |2 SNKPH  |9 3185 
650 0 7 |a oznamovacia technika  |2 SNKPH  |9 1533 
650 0 7 |a zabezpečovacia technika  |2 SNKPH  |9 29322 
655 7 |a učebnice vysokých škôl  |2 SNKPH  |9 70191 
830 0 |a Vysokoškolské učebné texty  |9 276539 
852 |a Slovenská národná knižnica 
954 |a odborná, vedecká literatúra pôvodná (slovenská)  |2 lita 
958 |a RK 
958 |a TL 
958 |a NB 
958 |a UV 
958 |a OND 
999 |c 855778  |d 857708 
952 |t P60, <04>, [BOOK], {604}  |a SNK  |b SNK  |y VYP  |7 0  |p 17A0350615  |o snkSB 34267/1 D1  |0 0  |1 0  |4 0  |d 2002-08-21  |l 0  |r 2004-12-31 00:00:00  |w 2026-02-24 
952 |a SNK  |b SNK  |y PREZ  |7 0  |p 17A0981950  |o snkSB 34267/1  |0 0  |1 0  |4 0  |d 2012-07-17  |f 1  |l 0  |r 2025-04-09 00:00:00  |w 2026-02-24